Signifying rappers /

Bibliographic Details
Main Author: Wallace, David Foster
Other Authors: Costello, Mark
Format: Book
Language:English
Published: New York : Back Bay Books/Little, Brown, 2013.
Edition:1st Back Bay pbk. ed.
Subjects:

MARC

Tag First Indicator Second Indicator Subfields
LEADER 00000cam a2200000Ia 4500
001 in00003415413
005 20151206085022.0
008 121108r20131990nyu b 000 0 eng d
010 |a  2013940549 
019 |a 841483771 
020 |a 9780316225830 
020 |a 0316225835 
035 |a (OCoLC)ocn816563553 
035 |a (OCoLC)816563553 
040 |a YDXCP  |c YDXCP  |d BTCTA  |d BDX  |d OCLCQ  |d OCO  |d OQX  |d OHRRH  |d UtOrBLW 
049 |a TXAM 
090 |a ML3531  |b .W34 2013 
092 |a 782.421649 
100 1 |a Wallace, David Foster. 
245 1 0 |a Signifying rappers /  |c David Foster Wallace and Mark Costello. 
250 |a 1st Back Bay pbk. ed. 
264 1 |a New York :  |b Back Bay Books/Little, Brown,  |c 2013. 
300 |a xx, 153 pages ;  |c 21 cm. 
336 |a text  |b txt  |2 rdacontent 
337 |a unmediated  |b n  |2 rdamedia 
338 |a volume  |b nc  |2 rdacarrier 
500 |a Originally published: New York : Ecco Press, c1990. 
500 |a New preface, c2013. 
504 |a Includes bibliographical references. 
650 0 |a Rap (Music)  |x History and criticism. 
700 1 |a Costello, Mark. 
938 |a YBP Library Services  |b YANK  |n 9905493 
938 |a Baker and Taylor  |b BTCP  |n BK0012413442 
938 |a Brodart  |b BROD  |n 103648348 
947 |a A14840626534 
945 |a PromptCat  |b 474296 
946 |a stk 
994 |a 92  |b TXA 
948 |a Cataloged  |b h  |c 2013/9/25  |d c  |e EGrant 
999 |a MARS 
999 f f |s cfc768b9-6470-342f-aecb-756d4a64b261  |i bfbb3eb7-3016-383e-8485-8ade52fdd71f  |t 0 
952 f f |p normal  |a Texas A&M University  |b College Station  |c Sterling C. Evans Library  |d Evans: Library Stacks  |t 0  |e ML3531 .W34 2013  |h Library of Congress classification  |i unmediated -- volume  |m A14840626534 
998 f f |a ML3531 .W34 2013  |t 0  |l Evans: Library Stacks